000
00329nam a22001337a 4500
008
190227b xxu||||| |||| 00| 0 eng d
020
_a
9781577663539
041
_a
eng
080
_a
616.073
100
_a
6
101
_a
RAD
245
_a
Interpretation of Airphotos and Remotely Sensed Imagery
_c
Arnold, R.H
942
_2
udc
_c
BK
999
_c
54351
_d
54351